000 00427nam a22001697a 4500
003 CEME
005 20210628205224.0
008 210216b xxu||||| |||| 00| 0 eng d
020 _a81-85680-28-0
040 _c.
082 _a621.47 BAL'S
100 _aBala, B. K
_974457
245 _aSolar drying systems simulation and optiization
260 _aUDAIPUR
_bAGROTECH PUBLISHING
_c1998
300 _a320P
942 _cBK
_2ddc
999 _c579982
_d579982